00773nji a22002177a 450000500170000000600190001700700150003600800410005102800270009203500130011904000130013210000190014524500760016426000420024030000960028250000170037850000450039550500610044060000190050165000350052020100922111615.0a|||||r|||||00| 0 sd ammalaaahaa100830t xxu||||| |||| 00| 0 eng d a6E 103bAsylum Records aGR-02932 aSEDcSED aSzymczyk, Bill aHotel California-Eaglescproduced by Bill Szymczykh[sound recording] : aDum Dum, India bAsylum Recordsc1976 a1 sound disc [Gramophone Recording]:banalog, 33 1/3 rpm c12.5 in. (LP)fGramophone Record aBrief Record aRecord labels : Asylum Records, Sky Blue aSide-1 (Hotel California) Side-2 (Wasted time (Reprise)) aSzymczyk, Bill aWestern SongszIndiaxExcerpts